000 01295nam a22003377a 4500
001 6546
003 FISKH
005 20250509083253.0
008 250509b cb ||||| |||| 00| 0 eng d
020 _a9780439448925
040 _aIEU
_cIEU
_dOCL
_dFSM
_dJQD
_dCGB
_dDLC
_beng
050 _a PZ7.B14032 T
082 _a 813.54
100 1 _aBaglio, Ben M.
_d(1960-)
245 1 0 _aTerrier in the tinsel /
_cBen M. Baglio ; illustrations by Jenny Gregory.
250 _aThis edition first published in 2001
260 _aNew York :
_bScholastic,
_c2001.
300 _a138 pages :
_billustrations ;
_c20 cm.
490 1 _aAnimal Ark
505 _aN
520 _aWhile helping to set up a Santaland outside Walton Cottage Hospital, Mandy and James spot a stray Jack Russell terrier. They also befriend Charlie, a young patient, who desperately wants a dog for Christmas. Can they bring the two together?
521 _a570
_bLexile
521 _aN
_bRaz-Plus
650 0 _aAnimal Ark (Imaginary organization)
_vJuvenile fiction.
650 0 _aJack Russell terrier
_vJuvenile fiction.
650 0 _aVeterinary hospitals
_vJuvenile fiction.
700 1 _aGregory, Jenny.
_dillustrator
906 _a7
_bcbc
_ccopycat
_d2
_encip
_f20
_gy-gencatlg
942 _2ddc
_cBK
_n0
999 _c6546
_d6546